Maximes et pensées politiques / (Record no. 63835)

MARC details
000 -LEADER
campo de control de longitud fija 00717nam a2200193 i 4500
001 - NÚMERO DE CONTROL
campo de control 63835
003 - IDENTIFICADOR DE NÚMERO DE CONTROL
campo de control ES-MaACL
005 - FECHA Y HORA DE LA ÚLTIMA TRANSACCIÓN
campo de control 20230906164959.0
007 - CAMPO FIJO DE DESCRIPCIÓN FÍSICA--INFORMACIÓN GENERAL
campo de control de longitud fija t|
008 - DATOS DE LONGITUD FIJA--INFORMACIÓN GENERAL
campo de control de longitud fija 031217s1958 sp ||||1| fre d
100 1# - ENTRADA PRINCIPAL--NOMBRE DE PERSONA
Nombre de persona Romanones, Álvaro de Figueroa y Torres,
Títulos y otros términos asociados al nombre Conde de,
Fechas asociadas al nombre 1863-1950
9 (RLIN) 99264
245 10 - MENCIÓN DEL TÍTULO
Título Maximes et pensées politiques /
Mención de responsabilidad, etc. Comte de Romanones ; traduit par Maurici Torra-Balari y de Llavallol ; préface d'André Siegfried.
260 ## - PUBLICACIÓN, DISTRIBUCIÓN, ETC.
Lugar de publicación, distribución, etc. Barcelona :
Nombre del editor, distribuidor, etc. [S.A.D.A.G.] :
-- Gustavo Gili,
Fecha de publicación, distribución, etc. 1958.
300 ## - DESCRIPCIÓN FÍSICA
Extensión 117 p. ;
Dimensiones 19 cm.
700 1# - ENTRADA AGREGADA--NOMBRE PERSONAL
Nombre de persona Siegfried, André.
9 (RLIN) 106225
700 1# - ENTRADA AGREGADA--NOMBRE PERSONAL
Nombre de persona Torra-Balari y de Llavallol, Mauricio.
9 (RLIN) 110704
852 ## - LOCALIZACIÓN
Ubicación ES-MaACL
Número de control de estantería C-19242
Sublocalización o colección R.42546
Holdings
Estatus retirado Estado de pérdida Estado de daño No para préstamo Biblioteca de origen Biblioteca actual Ubicación en estantería Fecha de adquisición Fuente de adquisición Total de préstamos Signatura topográfica completa Código de barras Visto por última vez Precio de reemplazo Tipo de ítem Koha
        Biblioteca del Ateneo de Madrid Biblioteca del Ateneo de Madrid Galería 17/01/2008     C-19242 1066898 23/02/2023 23/02/2023 Libro impreso